000 00272nam a2200097Ia 4500
001 1076197
005 20250827002252.0
008 250824s9999 xx 000 0 und d
245 0 _aDİVAN EDEBİYATINDA TEVHİDLER VE MUAMMA
_cALİ NİHAD TARLAN
260 _bKETEBE YAYINLARI
999 _c1076197
_d1076197